| 000 | 01263nam a2200313Ia 4500 | ||
|---|---|---|---|
| 001 | ebr10309241 | ||
| 003 | CaPaEBR | ||
| 006 | m u | ||
| 007 | cr cn||||||||| | ||
| 008 | 050717s2005 ne a sb 000 0 eng d | ||
| 040 |
_aCaPaEBR _cCaPaEBR |
||
| 035 | _a(OCoLC)567996927 | ||
| 050 | 1 | 4 |
_aHD7287.82.E85 _bH66 2005eb |
| 245 | 0 | 0 |
_aHome ownership _h[electronic resource] : _bgetting in, getting from, getting out / _cPeter Boelhouwer, John Doling, Marja Elsinga (eds.). |
| 260 |
_aDelft : _bDUP Science, _cc2005. |
||
| 300 |
_a271 p. : _bill. |
||
| 490 | 1 |
_aHousing and urban policy studies, _x0926-6240 ; _v29 |
|
| 504 | _aIncludes bibliographical references. | ||
| 533 |
_aElectronic reproduction. _bPalo Alto, Calif. : _cebrary, _d2011. _nAvailable via World Wide Web. _nAccess may be limited to ebrary affiliated libraries. |
||
| 650 | 0 |
_aHome ownership _zEurope. |
|
| 650 | 0 |
_aHousing _zEurope. |
|
| 655 | 7 |
_aElectronic books. _2local |
|
| 700 | 1 | _aBoelhouwer, P. J. | |
| 700 | 1 | _aDoling, J. F. | |
| 700 | 1 | _aElsinga, Marja. | |
| 710 | 2 | _aebrary, Inc. | |
| 830 | 0 |
_aHousing and urban policy studies ; _v29. |
|
| 856 | 4 | 0 |
_uhttp://site.ebrary.com/lib/rucke/Doc?id=10309241 _zAn electronic book accessible through the World Wide Web; click to view |
| 999 |
_c61706 _d61706 |
||